000 00576nam a2200205Ia 4500
008 120906t2001 xxu||||| |||| 00| 0 sin d
041 _asin
080 _a8 - 31 (eng)
_bBOO
100 _aBoom,Wikie
245 _aගසක කඳුළු
246 _aGasaka Kadulu
260 _aS. Godage
_aColombo
_c2001
300 _b784p, 21 cm
500 _aSinhalese Translation of Wikie Boom's of The Veeping Wood
700 _aHemaloka Himi,Urapola,
700 _aWijayawardhana,G. Hemapala
_etr.
942 _cBK
999 _c40608
_d40608
003 LK-CoDNM
040 _aLK-CoDNM
_dLK-CoDNM
_eLK-CoDNM